000 00555nam a2200205Ia 4500
005 20250508154516.0
008 008 250505s9999 xx 000 0 eng d
037 _aTextual
040 _aFEDL
_beng
_cFEDL
041 _aeng
_2eng
084 _a070.432, MAC
_qFEDL
100 _aMacdougall Curtis D
_949703
245 0 _aInterpretative: Reporting
250 _a3
260 _aNew York, USA
_bThe Macmillan Company
_c1957
300 _aviii,592p
365 _aUSD
_b7.5
942 _cTEXL
_h070.432, MAC
999 _c1350665
_d1350665